Game and Level Match: Nintendo Quiz Stats

Quiz not verified by Sporcle

Also try: Video Game Doors
Challenge
Share
Tweet
Embed
Score 0/30 Timer 10:00
0 Plays Today
% Correct
F-Zero
82.3%
Mario Kart Wii
74.5%
Super Mario Sunshine
72.9%
The Legend of Zelda: Majora's Mask
70.3%
Pokémon Black|White
58.9%
Pokémon Gold|Silver
55.7%
Super Mario World 2: Yoshi's Island
54.2%
Mario Golf
51%
Donkey Kong 64
50%
Elite Beat Agents
50%
Mario Party
49%
Kirby Air Ride
49%
Metroid Prime 2: Echoes
49%
Paper Mario: The Thousand-Year Door
43.2%
Kirby's Adventure
40.1%
% Correct
Star Fox 64
39.1%
The Legend of Zelda: The Minish Cap
38%
Earthbound
38%
Pikmin 2
37%
Kid Icarus: Uprising
35.9%
Fire Emblem: Radiant Dawn
35.4%
Donkey Kong Country Returns
32.3%
Xenoblade Chronicles
29.2%
Rhythm Heaven
27.1%
1080° Snowboarding
25.5%
Wario Land 4
23.4%
Golden Sun
22.4%
Wario Land: Shake It!
22.4%
Advance Wars
21.4%
The Legendary Starfy
17.7%

You're not logged in!

Compare scores with friends on all Sporcle quizzes.
Join for Free
OR
Log In

You Might Also Like...

Show Comments

Extras

Top Quizzes Today


Score Distribution

Your Account Isn't Verified!

In order to create a playlist on Sporcle, you need to verify the email address you used during registration. Go to your Sporcle Settings to finish the process.

Report this User

Report this user for behavior that violates our Community Guidelines.

Details: